Crystal Palace Squad 2026 - Statistics

General Stats
  • This quiz has been taken 24 times
  • The average score is 21 of 26
Answer Stats
Nation Age Position Answer % Correct
USA 25 CB Chris Richards
100%
Japan 29 CAM Daichi Kamada
100%
Colombia 29 RB Daniel Munoz
100%
England 28 GK Dean Henderson
100%
Senegal 27 RW Ismaila Sarr
100%
France 28 ST Jean-Philippe Mateta
100%
England 21 CDM Adam Wharton
95%
England 25 CB Marc Guehi
95%
England 30 CM Will Hughes
95%
Spain 23 RW Yeremy Pino
95%
Colombia 31 CDM Jefferson Lerma
89%
France 25 CB Maxence Lacroix
89%
England 34 RB Nathaniel Clyne
89%
Argentina 32 GK Walter Benitez
89%
Wales 24 RW Brennan Johnson
84%
England 26 ST Eddie Nketiah
84%
England 26 LB Tyrick Mitchell
84%
Croatia 27 LB Borna Sosa
79%
Nigeria 22 ST Christantus Uche
79%
Northern Ireland 22 CAM Justin Devenny
74%
Morocco 22 CB Chadi Riad
68%
Mali 26 CDM Cheick Doucoure
68%
France 19 CB Jaydee Canvot
53%
England 31 GK Remi Matthews
42%
Trinidad & Tobago 19 LB Rio Cardines
21%
Sierra Leone 19 CAM Hindolo Mustapha
16%
No matching quizzes found
Score Distribution
Percent of People with Each Score
Percentile by Number Answered
Your Score History
You have not taken this quiz